<?xml version="1.0" encoding="UTF-8"?>
<record
    xmlns:xsi="http://www.w3.org/2001/XMLSchema-instance"
    xsi:schemaLocation="http://www.loc.gov/MARC21/slim http://www.loc.gov/standards/marcxml/schema/MARC21slim.xsd"
    xmlns="http://www.loc.gov/MARC21/slim">

  <leader>00665aam a22002411  4500</leader>
  <controlfield tag="001">99936577502419</controlfield>
  <controlfield tag="003">CBULib</controlfield>
  <controlfield tag="005">20241004122643.0</controlfield>
  <controlfield tag="008">241004b        |||||||| |||| 00| 0 eng d</controlfield>
  <datafield tag="010" ind1=" " ind2=" ">
    <subfield code="a">9780702066801</subfield>
    <subfield code="b">(ebk)</subfield>
  </datafield>
  <datafield tag="010" ind1=" " ind2=" ">
    <subfield code="a">070206680X</subfield>
  </datafield>
  <datafield tag="010" ind1=" " ind2=" ">
    <subfield code="a">9780702043574</subfield>
    <subfield code="b">(pbk.)</subfield>
  </datafield>
  <datafield tag="010" ind1=" " ind2=" ">
    <subfield code="a">0702043575</subfield>
  </datafield>
  <datafield tag="035" ind1=" " ind2=" ">
    <subfield code="a">(WlAbNL)(Uk)ark:/81055/vdc_100052493812.0x000001</subfield>
  </datafield>
  <datafield tag="035" ind1=" " ind2=" ">
    <subfield code="a">(WlAbNL)(Uk)018655355</subfield>
  </datafield>
  <datafield tag="040" ind1=" " ind2=" ">
    <subfield code="c">CBULib</subfield>
  </datafield>
  <datafield tag="100" ind1=" " ind2=" ">
    <subfield code="a">20150626d2015      uy         0</subfield>
  </datafield>
  <datafield tag="210" ind1=" " ind2="1">
    <subfield code="a">Edinburgh :</subfield>
  </datafield>
  <datafield tag="245" ind1=" " ind2=" ">
    <subfield code="a">Practical periodontics</subfield>
  </datafield>
  <datafield tag="942" ind1=" " ind2=" ">
    <subfield code="2">lcc</subfield>
    <subfield code="c">002</subfield>
    <subfield code="n">0</subfield>
  </datafield>
  <datafield tag="981" ind1=" " ind2=" ">
    <subfield code="a">LD-Ebook</subfield>
  </datafield>
  <datafield tag="999" ind1=" " ind2=" ">
    <subfield code="c">85631</subfield>
    <subfield code="d">85631</subfield>
  </datafield>
  <datafield tag="952" ind1=" " ind2=" ">
    <subfield code="0">0</subfield>
    <subfield code="1">0</subfield>
    <subfield code="2">lcc</subfield>
    <subfield code="4">0</subfield>
    <subfield code="7">0</subfield>
    <subfield code="a">002</subfield>
    <subfield code="b">002</subfield>
    <subfield code="c">SOM</subfield>
    <subfield code="d">2024-10-04</subfield>
    <subfield code="l">3</subfield>
    <subfield code="o">RK 361 Eat</subfield>
    <subfield code="p">904426</subfield>
    <subfield code="r">2025-06-23</subfield>
    <subfield code="s">2025-06-09</subfield>
    <subfield code="w">2024-10-04</subfield>
    <subfield code="y">002</subfield>
  </datafield>
</record>
